Statistics for Which African Country?

Click here to take the quiz!

General Stats

  • This quiz has been taken 31,644 times
    (31,597 since last reset)
  • The average score is 11 of 15

Answer Stats

QuestionAnswer% Correct
Where is Mount Kilimanjaro?Tanzania
92%
Which of these countries has the largest area?Chad
90%
Which country hosted the 2010 FIFA World Cup?South Africa
90%
Which country is largest in population?Nigeria
86%
Which country was formed most recently?Eritrea
83%
Which nation's capital is named after a U.S president?Liberia
80%
Which country was colonized by the Portuguese?Mozambique
74%
In what modern-day country was the ancient city of Carthage?Tunisia
74%
Which country shares a border with Niger?Burkina Faso
67%
Which nation's leader was overthrown in the Arab Spring?Egypt
65%
Where is the westernmost point on mainland Africa?Senegal
65%
Which country has the most African elephants of any nation in the world?Botswana
61%
What island country was famous for the Dodo bird?Mauritius
54%
Where is the headquarters of the African Union?Ethiopia
45%
Which country has the highest percentage of Muslims?Mauritania
39%

Score Distribution

Percentile by Number Answered

Percent of People with Each Score

Your Score History

You have not taken this quiz since the last reset